| 000 | 00394cam a22001097a 4500 | ||
|---|---|---|---|
| 008 | 180718b1969 xxu||||| |||| 00| 0 eng d | ||
| 082 | _aT000x5444 M999/2c | ||
| 245 |
_aFourth plan _cby Development, Panchyati raj, Housing And Co-operation Department |
||
| 260 |
_a _bThe Government press _c1969 |
||
| 300 | _a208p. | ||
| 700 | _aMysore. Development, Panchyati raj, Housing And Co-operation Department | ||
| 999 |
_c497028 _d497028 |
||